Włoscy sportowcy - nagła śmierć - Statystyki

Ogólne statystyki
  • Ten quiz został rozwiązany 179 razy
  • Średni wynik to 12 z 20
Answers on the Grid
Answers color-coded by a green-red scale on the quiz's grid according to % correct below.
Fernando Alonso
Francesco Totti
Paolo Maldini
Jannik Sinner
Sergio Ramos
Bruno Fernandes
Elena Rybakina
Simone Giannelli
Giovanni Bresadola
Kimi Räikkönen
Gianluigi Buffon
Ilia Topuria
Ivan Zaytsev
Marco Asensio
Jasmine Paolini
Pau Gasol
Daniel Dubois
Clemente Russo
Giorgio Chiellini
Ricardo Lucarelli
Dorothea Wierer
Nikola Karabatić
Felipe Massa
Valentino Rossi
Matteo Berrettini
Sergio Pérez
Federica Pellegrini
Andrea Pirlo
Alessandro Del Piero
Mario Gómez
Deborah Compagnoni
Thiago Alcântara
Nico Rosberg
Arianna Fontana
Sergio Agüero
Magda Linette
Alessandro Michieletto
Giovani Lo Celso
Sebastian Colloredo
Luka Dončić
 
Statystyki odpowiedzi
Odpowiedź % Poprawnych
Francesco Totti
96%
Paolo Maldini
91%
Gianluigi Buffon
90%
Simone Giannelli
82%
Giovanni Bresadola
79%
Giorgio Chiellini
78%
Jasmine Paolini
68%
Jannik Sinner
62%
Andrea Pirlo
60%
Alessandro Del Piero
54%
Matteo Berrettini
51%
Valentino Rossi
51%
Federica Pellegrini
50%
Alessandro Michieletto
49%
Sebastian Colloredo
44%
Ivan Zaytsev
41%
Clemente Russo
37%
Deborah Compagnoni
31%
Arianna Fontana
25%
Dorothea Wierer
24%
Nie znaleziono quizów pasujących do podanych kryteriów
Rozkład punktacji
Procent ludzi z każdym wynikiem
Percentyl według liczby udzielonych odpowiedzi
Twoja historia wyników
Nie rozwiązałeś tego quizu